000
00359nam a2200145Ia 4500
008
151213s9999 xx 000 0 und d
100
_a
Somerset Mougham
245
_a
The Moon & Six pence
_c
Somerset Mougham
250
_a
1st
260
_a
U K.
_b
Penguing Book
_c
1919
300
_a
4532 p.
650
_a
English
700
_a
Somerset Mougham
999
_c
2907
_d
2907